| 000 | 00854nam a2200121Ia 4500 | ||
|---|---|---|---|
| 008 | 220620s9999||||xx |||||||||||||| ||und|| | ||
| 245 | 0 | _aTurn-Taking in Human Communicative Interaction | |
| 546 | _aEnglish[eng] | ||
| 650 | _aface-to-face conversation||psychology||psychology of language||psycholinguists||turn-taking||language sciences||language||Frontiers in Psychology||Intonation (linguistics)||Prosody (linguistics)||Sign language||Stroke||Syntax||Utterance | ||
| 700 | _aHoller, Judith||Kendrick, Kobin H.||Casillas, Marisa||Levinson, Stephen C. | ||
| 856 | _uhttps://library.oapen.org/bitstream/20.500.12657/32712/1/608110.pdf||https://library.oapen.org/bitstream/20.500.12657/32712/1/608110.pdf||https://library.oapen.org/bitstream/20.500.12657/32712/1/608110.pdf||https://library.oapen.org/bitstream/20.500.12657/32712/1/608110.pdf | ||
| 942 | _cEB | ||
| 999 |
_c30038 _d30038 |
||